000 00386nam a22001457a 4500
999 _c109614
_d109614
005 20181214120526.0
008 181214b ||||| |||| 00| 0 eng d
040 _cPK-LaUMT
082 _aRHC 297.74
_bFAT-P
100 _aFathi Yakan
245 _aProblems faced by the Dawah and the daiyah/
_cFathi Yakan
260 _aIslamabad:
_bDawah Academy
_c1998
300 _a239
942 _cBK